Alle Bundesliga-Meister - Statistiken

Allgemein
  • Dieses Quiz wurde 42.687 mal gespielt
    2.517 seit der letzten Aktualisierung
  • Das Durchschnittsergebnis liegt bei 45 aus 63
Antwortstatistiken
Saison Deutscher Meister % Korrekt
2025/26 FC Bayern München
100%
2023/24 Bayer 04 Leverkusen
97%
2021/22 FC Bayern München
97%
2024/25 FC Bayern München
97%
2022/23 FC Bayern München
97%
2019/20 FC Bayern München
96%
2020/21 FC Bayern München
96%
2018/19 FC Bayern München
96%
2017/18 FC Bayern München
96%
2016/17 FC Bayern München
96%
2015/16 FC Bayern München
96%
2014/15 FC Bayern München
96%
2013/14 FC Bayern München
96%
2012/13 FC Bayern München
96%
2011/12 Borussia Dortmund
95%
2010/11 Borussia Dortmund
93%
2009/10 FC Bayern München
93%
2007/08 FC Bayern München
87%
2008/09 VfL Wolfsburg
83%
2005/06 FC Bayern München
82%
2004/05 FC Bayern München
82%
2002/03 FC Bayern München
78%
2000/01 FC Bayern München
77%
1999/00 FC Bayern München
77%
1998/99 FC Bayern München
77%
2006/07 VfB Stuttgart
77%
2001/02 Borussia Dortmund
75%
2003/04 Werder Bremen
73%
1996/97 FC Bayern München
72%
1993/94 FC Bayern München
71%
1995/96 Borussia Dortmund
69%
1994/95 Borussia Dortmund
67%
1989/90 FC Bayern München
64%
1997/98 1. FC Kaiserslautern
63%
1988/89 FC Bayern München
63%
1986/87 FC Bayern München
63%
1984/85 FC Bayern München
63%
1985/86 FC Bayern München
62%
1980/81 FC Bayern München
62%
1979/80 FC Bayern München
61%
1973/74 FC Bayern München
60%
1972/73 FC Bayern München
60%
1971/72 FC Bayern München
60%
1992/93 Werder Bremen
60%
1968/69 FC Bayern München
59%
1963/64 1. FC Köln
56%
1982/83 Hamburger SV
56%
1991/92 VfB Stuttgart
56%
1981/82 Hamburger SV
55%
1978/79 Hamburger SV
55%
1987/88 Werder Bremen
53%
1976/77 Borussia Mönchengladbach
52%
1975/76 Borussia Mönchengladbach
52%
1974/75 Borussia Mönchengladbach
52%
1970/71 Borussia Mönchengladbach
51%
1983/84 VfB Stuttgart
51%
1969/70 Borussia Mönchengladbach
50%
1990/91 1. FC Kaiserslautern
48%
1977/78 1. FC Köln
48%
1967/68 1. FC Nürnberg
47%
1964/65 Werder Bremen
46%
1965/66 TSV 1860 München
44%
1966/67 Eintracht Braunschweig
39%
Keine übereinstimmenden Quizze gefunden
Verteilung der Resultate
Anzahl Personen mit jedem Resultat
Perzentil nach korrekt beantworteten Fragen
Ihre Resultats-Entwicklung
Sie haben dieses Quiz seit der letzten Aktualisierung nicht gespielt